Academic discourse : linguistic misunderstanding and professional power
Αποθηκεύτηκε σε:
| Κύριος συγγραφέας: | |
|---|---|
| Άλλοι συγγραφείς: | , |
| Μορφή: | Βιβλίο |
| Γλώσσα: | English French |
| Δημοσίευση: |
Cambridge :
Polity Press,
1994.
|
| Θέματα: | |
| Ετικέτες: |
Προσθήκη ετικέτας
Δεν υπάρχουν, Καταχωρήστε ετικέτα πρώτοι!
|
MARC
| LEADER | 00000cam a2200000 i 4500 | ||
|---|---|---|---|
| 001 | 1/85146 | ||
| 008 | 990629s1994 enk| ||| |||| ||eng|| | ||
| 020 | |a 0745617166 | ||
| 035 | |l 10051773 | ||
| 040 | |a GR-MyUA |b gre |e AACR2 | ||
| 041 | 1 | |a eng |h fre | |
| 082 | 0 | |a 378.125 | |
| 100 | 1 | |a Bourdieu, Pierre, |d 1930-2002. | |
| 245 | 1 | 0 | |a Academic discourse : |b linguistic misunderstanding and professional power / |c Pierre Bourdieu, Jean-Claude Passeron, Monique de Saint Martin ; translated by Richard Teese. |
| 260 | |a Cambridge : |b Polity Press, |c 1994. | ||
| 300 | |a 136 σ. | ||
| 500 | |a Τίτλος πρωτοτύπου: Rapport pedagogique et communication. | ||
| 650 | 0 | 0 | |a Communication in education. |
| 650 | 0 | 0 | |a Language and education. |
| 650 | 0 | 0 | |a College teaching. |
| 650 | 0 | 0 | |a Teacher-student relationships. |
| 650 | 0 | 0 | |a College students |x Social conditions. |
| 650 | 0 | 0 | |a Educational anthropology. |
| 700 | 1 | |a Passeron, Jean Claude. | |
| 700 | 1 | |a Saint Martin, Monique de. | |
| 852 | |a INST |b LESVOS |e 20000621 |h 378.125 BOU |p 005100026508 |q 005100026508 |t BK |y 0 | ||
| 852 | |a INST |b RHODES |e 19990629 |h 378.125 BOU |p 005400014555 |q 005400014555 |t BK |y 0 | ||
| 901 | |a BIBL4-1999-2 | ||
| 909 | |a Ρ |b 065853 | ||
| 909 | |a Λ |b 080516 | ||
| 922 | |a 4ΕΛΗ |b 199905 |c ΚΠΣ/154 |d LEADER | ||
| 970 | |a ΚΟΥΛΙΑΚΙΩΤΗ |b ΕΥΑΓΓΕΛΙΑ |z 19990629 | ||